[Event "WSTCC-65 2020"]
[Site "Prague"]
[Date "2020.03.12"]
[Round "7.45"]
[White "Burchardt, Brigitte"]
[Black "Lagerborg, Krister"]
[Result "1-0"]
[WhiteElo "2075"]
[BlackElo "2144"]
[Annotator "TA"]
[PlyCount "105"]
[EventDate "2020.03.06"]
[EventType "team-tourn"]
[EventCountry "CZE"]
[SourceTitle "playchess.com"]
[Source "ChessBase"]
[SourceQuality "1"]

{[%evp 9,105,15,22,0,0,0,0,0,0,4,0,-23,16,0,12,0,0,0,0,0,16,11,9,4,40,31,71,77,139,88,83,74,81,74,76,89,88,75,91,122,131,120,114,83,100,108,111,0,0,0,0,0,0,0,0,-9,-13,-40,0,-43,-16,-19,0,0,0,0,0,-12,0,0,0,0,8,6,18,18,277,263,312,239,746,733,29979,29980,29980,29981,29981,29982,29982,29982,29983,29984,29984,29985,29985,29985,29984,29984]} 1. e4 c5 2. b3 Nc6 3. Bb2 e5 4. Bc4 Nf6 5. Nc3 Be7 6. d3 {B20: Sicilian: Unusual White 2nd moves.} O-O 7. Nge2 a6 8. a4 {The position is equal.} d6 9. O-O Rb8 {[#]} 10. Bc1 $146 ({Predecessor:} 10. Qd2 Ne8 11. f4 Nc7 12. a5 Be6 13. Nd1 Bxc4 14. bxc4 Ne6 15. g3 Ned4 16. Bc3 {0-1 (39) Lee,J (2386)-Damljanovic,B (2468) Belgrade 2019}) 10... Nd4 11. Nd5 b5 12. axb5 axb5 13. Nxf6+ Bxf6 14. Bd5 Bb7 15. Bxb7 Rxb7 16. Nc3 g6 17. Nd5 b4 18. Bb2 $36 {[%mdl 2048] White is on the roll.} Nc6 ({Better is} 18... Bg7) 19. Ra6 (19. f4 $142 $1) 19... Nb8 $16 20. Ra8 Bg7 21. f4 f5 22. exf5 gxf5 23. Qf3 e4 24. Qg3 Kh8 25. Bxg7+ $1 Rxg7 {[#]} 26. Qe3 $1 Qe8 27. dxe4 fxe4 {[#]} 28. Re1 ({White should play} 28. c4 $1 $16) 28... Qc6 29. Rxb8 $1 Rxb8 30. Qxe4 Rbg8 31. g3 Qa8 32. Qd3 Re8 33. Rd1 Qd8 34. Qf3 Qh4 35. Kg2 Rf8 36. Rd2 Qh6 37. Re2 Qg6 38. Rf2 Qg4 (38... Rgf7 {looks sharper.} 39. h3 Re8 40. g4 Qg7 41. Qd3 Rff8) 39. Qxg4 Rxg4 $11 {[%mdl 4096] Endgame KRR-KRN} 40. h3 Rg6 41. f5 Rg5 42. g4 h5 $2 {[%mdl 8192] Loses the game.} (42... Rg7 $11 {and Black is okay.}) 43. Kg3 $18 hxg4 44. hxg4 {And now Ne7 would win.} Re8 $2 (44... Rg7 45. Kf4 Rh7) 45. Rh2+ Kg8 46. Nf6+ {White mates.} Kf7 47. Nxe8 Kxe8 {KR-KR} 48. Rh7 Rg8 49. Ra7 Kf8 50. Kf4 Rg7 51. Rxg7 Kxg7 52. Ke4 Kf6 53. Kd5 {Accuracy: White = 90%, Black = 69%.} 1-0

[Event "WSTCC-65 2020"]
[Site "Prague"]
[Date "2020.03.12"]
[Round "7.46"]
[White "Svensson, Soren"]
[Black "Wagner-Michel, Annett"]
[Result "1-0"]
[WhiteElo "1868"]
[BlackElo "2025"]
[Annotator "TA"]
[PlyCount "83"]
[EventDate "2020.03.06"]
[EventType "team-tourn"]
[EventCountry "CZE"]
[SourceTitle "playchess.com"]
[Source "ChessBase"]
[SourceQuality "1"]

{[%evp 15,83,0,0,0,15,3,51,22,23,27,31,21,89,56,77,5,14,6,28,19,19,19,19,26,27,14,42,-274,69,10,9,10,91,56,366,341,391,173,166,172,267,245,211,221,203,224,341,325,365,339,364,320,1078,1052,1067,1046,29976,5065,5057,4898,4871,2132,1023,1023,4802,4802,29991,29992,29997,29998]} 1. d4 d5 2. c4 e6 3. Nf3 Nf6 4. Nc3 Be7 5. e3 O-O 6. Bd3 c5 7. O-O Nc6 8. b3 b6 9. Bb2 {D40: Queen's Gambit Declined: Semi-Tarrasch with 5 e3.} Nb4 10. Be2 {[#]} Ne4 $146 ({Predecessor:} 10... Ba6 11. Ne5 Rc8 12. a3 Nc6 13. cxd5 Bxe2 14. Qxe2 exd5 15. Rfd1 cxd4 16. Nxc6 Rxc6 17. Rxd4 {1-0 (47) Miladinovic,L (2119)-Krajnak,R (2025) Modra 2019}) 11. a3 {White is slightly better.} Nxc3 12. Bxc3 Nc6 13. Qc2 Qc7 (13... cxd4 $11 {remains equal.} 14. exd4 (14. Nxd4 Nxd4 15. Bxd4 Bb7 $11) 14... Bb7) 14. Bd3 g6 15. Qb2 ({White should try} 15. cxd5 $16 exd5 16. e4) 15... cxd4 $11 16. Nxd4 dxc4 17. Bxc4 Nxd4 18. Bxd4 Rd8 19. Rac1 Qd7 20. Rcd1 $40 {[%mdl 128] Hoping for Bh8. White is up to no good.} e5 {White must now prevent ...Bb7.} 21. Qe2 $2 {[%mdl 8192]} (21. Bc5 $1 $14 Qe8 22. Bxe7 Rxd1 23. Rxd1 Qxe7 24. Rd5) 21... Qf5 $2 {[#]} ({Black should play} 21... exd4 $19 22. Qf3 Bb7 23. Qxf7+ Kh8 24. Rxd4 Qc6) 22. e4 (22. Bxe5 $1 $14 {[%mdl 512]} Rxd1 (22... Qxe5 23. Rxd8+) 23. Rxd1) 22... Qf6 23. Bb2 {Strongly threatening Bd5.} Bb7 (23... Rxd1 $11 {keeps the balance.} 24. Rxd1 Be6) 24. Bd5 {White stays focused until the end.} Rab8 $2 {[%mdl 8192] [#]} (24... Bxd5 $14 25. exd5 Qf5) 25. f4 $1 $18 {[%cal Rf4e5][%mdl 512]} Bxd5 (25... exf4 26. Bxf6) 26. Bxe5 (26. exd5 $142 Bf8 27. fxe5) 26... Bc5+ 27. Kh1 Qe7 (27... Qe6 {is a better defense.} 28. exd5 (28. Bxb8 f5 $18) 28... Qe7) 28. Bxb8 ({And not} 28. exd5 f6 $15) (28. Rxd5 Rxd5 29. Bxb8 (29. exd5 $2 f6 $19) 29... Rd8 $11) 28... Bxb3 29. Rxd8+ Qxd8 30. Be5 f6 (30... a5 {was worth a try.} 31. Bb2 a4) 31. Bb2 a5 32. e5 Qe7 33. Re1 Bxa3 $2 (33... fxe5 34. Qf3 (34. Bxe5 Bxa3 35. Qe3 a4 $18) (34. Qxe5 Qxe5 35. Rxe5 Kf7 $16) (34. fxe5 Qe6 $16) 34... a4 35. fxe5 (35. Rxe5 Qd7 $18) 35... Qe6 36. Qa8+ Kg7 37. Qb7+ Kh8) 34. Bxa3 Qxa3 35. exf6 {[%mdl 4096] Endgame KQR-KQB} Bf7 36. Rd1 (36. Qe5 $142 Qf8 37. Qc7 h6 38. Rd1 Bd5 39. Rxd5 Qxf6 40. Rd8+ Qxd8 41. Qxd8+ Kf7 42. Qd7+ Kf6 43. g4) 36... h6 37. h3 Qc5 38. Rd8+ (38. Qe4 $142 Qc7 39. Qa8+ Kh7 40. Qf8) 38... Kh7 {[#]} 39. Rd7 $1 Qc1+ 40. Rd1 Qxf4 {[#]} 41. Qe7 $1 Qc4 42. Qf8 {Accuracy: White = 59%, Black = 33%.} 1-0

[Event "WSTCC-65 2020"]
[Site "Prague"]
[Date "2020.03.12"]
[Round "7.47"]
[White "Kierzek, Mira"]
[Black "Olsson, Torgny"]
[Result "1-0"]
[WhiteElo "1983"]
[BlackElo "1800"]
[Annotator "ChessBase"]
[PlyCount "49"]
[EventDate "2020.03.06"]
[EventType "team-tourn"]
[EventCountry "CZE"]
[SourceTitle "playchess.com"]
[Source "ChessBase"]
[SourceQuality "1"]
[TimeControl "40/5400+30:1800+30"]

1. d4 {[%emt 0:00:00]} Nf6 {[%emt 0:00:00]} 2. c4 {[%emt 0:00:00]} c5 {[%emt 0:00:05]} 3. d5 {[%emt 0:00:22]} b5 {[%emt 0:00:15]} 4. cxb5 {[%emt 0:01:10]} a6 {[%emt 0:00:21]} 5. e3 {[%emt 0:03:05]} g6 {[%emt 0:01:23]} 6. Nc3 {[%emt 0:04:09]} d6 {[%emt 0:00:50]} 7. Nf3 {[%emt 0:01:33]} Bg7 {[%emt 0:01:30]} 8. Bc4 {[%emt 0:02:23]} O-O {[%emt 0:03:37]} 9. O-O {[%emt 0:00:35]} Nbd7 {[%emt 0:00:52]} 10. bxa6 {[%emt 0:03:06]} Bxa6 {[%emt 0:01:10]} 11. Bxa6 {[%emt 0:03:01]} Rxa6 {[%emt 0:01:11]} 12. e4 {[%emt 0:02:11]} Qa8 {[%emt 0:08:12]} 13. a3 {[%emt 0:04:32]} Rb8 {[%emt 0:06:00]} 14. Rb1 {[%emt 0:05:10]} Ng4 {[%emt 0:04:22]} 15. Bg5 {[%emt 0:08:40]} f6 {[%emt 0:19:00]} 16. Bf4 {[%emt 0:06:14]} g5 {[%emt 0:03:05]} 17. Nxg5 {[%emt 0:06:18]} fxg5 {[%emt 0:14:10]} 18. Qxg4 {[%emt 0:00:29]} Nf6 {[%emt 0:01:10]} 19. Qe6+ {[%emt 0:00:17]} Kh8 {[%emt 0:00:22]} 20. Bxg5 {[%emt 0:00:27]} Re8 {[%emt 0:01:32]} 21. Ne2 {[%emt 0:08:13]} Rb6 {[%emt 0:01:34]} 22. Ng3 {[%emt 0:00:56]} h6 {[%emt 0:00:20]} 23. Bd2 {[%emt 0:02:12]} Qb8 {[%emt 0:01:07]} 24. Bc3 {[%emt 0:02:58]} Rb3 {[%emt 0:00:55]} 25. Nf5 {[%emt 0:00:33]} 1-0

[Event "WSTCC-65 2020"]
[Site "Prague"]
[Date "2020.03.12"]
[Round "7.48"]
[White "Andersson, Erik"]
[Black "Kube, Hannelore"]
[Result "1/2-1/2"]
[WhiteElo "1607"]
[BlackElo "1919"]
[Annotator "TA"]
[PlyCount "74"]
[EventDate "2020.03.06"]
[EventType "team-tourn"]
[EventCountry "CZE"]
[SourceTitle "playchess.com"]
[Source "ChessBase"]
[SourceQuality "1"]

{[%evp 9,74,17,18,21,30,15,55,45,41,20,33,31,50,43,49,36,36,26,41,0,4,0,0,0,0,0,0,-2,-3,-9,-9,-7,0,-54,-54,-74,-70,-71,-45,-95,-63,-223,-53,-43,0,-43,-32,-39,-46,-41,0,0,0,-13,-20,-49,0,0,0,0,0,0,0,0,0,0,0]} 1. Nf3 d5 2. b3 Bg4 3. Bb2 Bxf3 4. exf3 e6 5. g3 Nf6 6. Bg2 {A06: Réti Opening: 1 Nf3 d5.} Bd6 7. O-O Nbd7 8. d3 {White is slightly better.} O-O 9. Nd2 c6 10. f4 Qc7 11. Nf3 Rfe8 12. Re1 {[#]} e5 $146 ({Predecessor:} 12... a5 13. a4 b5 14. axb5 cxb5 15. Nd4 Reb8 16. c4 bxc4 17. dxc4 Qb6 18. Nb5 Bc5 {½-½ (28) Shan,H (1567)-Chovan,M (1725) Liptovsky Mikulas 2012}) 13. fxe5 Nxe5 14. Nxe5 Bxe5 15. Bxe5 Rxe5 16. Qd2 Rae8 17. d4 R5e7 18. Rxe7 Qxe7 19. Kf1 Ne4 $36 {[%mdl 2048] Black fights for an advantage.} 20. Qd3 Qf6 {[%csl Ge4][%cal Rf6f2] [#]} 21. f3 ({White should try} 21. Bxe4 $11 dxe4 22. Qe3) 21... Nd6 $15 22. Re1 Rxe1+ 23. Kxe1 Qh6 24. h3 Qf6 25. Kf2 $2 {[#]} ({White should play} 25. Qe3 $15) 25... Nf5 $2 (25... Ne4+ $1 $19 26. Ke1 Nxg3) 26. c3 $1 h6 27. Qe2 Qg5 28. g4 Nh4 29. Kg3 Nxg2 (29... Ng6 {seems wilder.} 30. Qe8+ Kh7 31. Qxf7 Qd2 32. c4 Qe1+) 30. Kxg2 {[%mdl 4096] Endgame KQ-KQ} Qf4 31. Qc2 Qe3 32. a4 c5 33. dxc5 {The position is equal.} Qxc5 34. Qd3 a5 35. Qd4 Qc6 36. c4 dxc4 37. Qxc4 Qd7 {Accuracy: White = 74%, Black = 66%.} 1/2-1/2